La Independencia política y económica en la lucha antiimperialista de Sandino /
Na minha lista:
| Autor principal: | |
|---|---|
| Formato: | Texto |
| Tags: |
Adicionar Tag
Sem tags, seja o primeiro a adicionar uma tag!
|
MARC
| LEADER | 00000 a a2200000 04500 | ||
|---|---|---|---|
| 001 | 2639 | ||
| 003 | |||
| 040 | |||
| 100 | |a Arauz L, Alejandro | ||
| 245 | |a La Independencia política y económica en la lucha antiimperialista de Sandino / |c Alejandro Arauz L | ||
| 773 | |g número 154; páginas 21-39 | ||
| 999 | |c 34051 |d 34051 | ||
